| 000 | 00439nam a22001697a 4500 | ||
|---|---|---|---|
| 003 | AM-YEHGA | ||
| 005 | 20250617160613.0 | ||
| 008 | 180116b1945 rus||||| |||| 00| 0 rus d | ||
| 040 | _aAM-YeHGA | ||
| 100 | 1 | _aЛидов, П. | |
| 245 | 1 | 0 |
_aТаня/ _cП. Лидов: |
| 260 |
_aБ.г.: _bКрасный Крым, _c1945: |
||
| 300 | _a26 с. | ||
| 650 | 1 | 4 | _aРусская литература |
| 942 |
_2udc _cBK |
||
| 090 | _c459680 | ||
| 999 |
_c456659 _d456659 |
||